Current perspectives in psychiatric nursing : issues and trends. Vol. 2 (Record no. 2988)

000 -LEADER
fixed length control field 00643nam a22002297a 4500
003 - CONTROL NUMBER IDENTIFIER
control field OSt
005 - DATE AND TIME OF LATEST TRANSACTION
control field 20210728083950.0
008 - FIXED-LENGTH DATA ELEMENTS--GENERAL INFORMATION
fixed length control field 210728b ||||| |||| 00| 0 eng d
020 ## - INTERNATIONAL STANDARD BOOK NUMBER
International Standard Book Number 0801627311
020 ## - INTERNATIONAL STANDARD BOOK NUMBER
International Standard Book Number 0801627303
040 ## - CATALOGING SOURCE
Transcribing agency ALUPE UNIVERSITY
050 ## - LIBRARY OF CONGRESS CALL NUMBER
Classification number RC440
Item number .C87 1978
100 ## - MAIN ENTRY--PERSONAL NAME
Personal name Carol Ren Kneisl;
245 ## - TITLE STATEMENT
Title Current perspectives in psychiatric nursing : issues and trends. Vol. 2
250 ## - EDITION STATEMENT
Edition statement -
260 ## - PUBLICATION, DISTRIBUTION, ETC.
Place of publication, distribution, etc. Saint Louis :
Name of publisher, distributor, etc. Mosby, cop.
Date of publication, distribution, etc. 1978.
300 ## - PHYSICAL DESCRIPTION
Extent XII, 214 pgs. ;
Other physical details ills
Dimensions 25 cm.
500 ## - GENERAL NOTE
General note index present
650 ## - SUBJECT ADDED ENTRY--TOPICAL TERM
Topical term or geographic name entry element Psychiatric nursing.
700 ## - ADDED ENTRY--PERSONAL NAME
Personal name Holly Skodol Wilson
942 ## - ADDED ENTRY ELEMENTS (KOHA)
Source of classification or shelving scheme
Koha item type Book
Suppress in OPAC PW
Holdings
Withdrawn status Lost status Source of classification or shelving scheme Damaged status Not for loan Permanent Location Current Location Shelving location Date acquired Source of acquisition Total Checkouts Full call number Barcode Date last seen Price effective from Koha item type Public note
          AU LIBRARY AU LIBRARY Open Shelf 28.07.2021 DONATION FROM MOI UNIVERSITY   RC440 .C87 1978 28004077 28.07.2021 28.07.2021 Book PW

Powered by Koha